Práce Moravskoslezské Akademie věd přírodních svazek XXIV.
| Format: | Book |
|---|---|
| Language: | English |
| Published: |
Brno
Moravskoslezská Akademie věd přírodních 1952
|
MARC
| LEADER | 00000nam a2200000 a 4500 | ||
|---|---|---|---|
| 001 | vtls008162677 | ||
| 003 | SK-MaSNL | ||
| 005 | 20260224161414.0 | ||
| 008 | 240130 xr 000 0 eng | ||
| 040 | |a SNK |b slo |c SNK |e AACR2 | ||
| 044 | |a xr |c CZ | ||
| 245 | 1 | |a Práce Moravskoslezské Akademie věd přírodních |n svazek XXIV. | |
| 260 | |a Brno |b Moravskoslezská Akademie věd přírodních 1952 | ||
| 999 | |c 1077082 |d 1079012 | ||
| 952 | |a SNK |b SNK |y VYP |7 0 |p 17A0473586 |o snkIC 59010 |i snkF 4236/74 |3 Rekatalogizácia |0 0 |1 0 |4 0 |d 2005-06-24 |l 0 |r 2026-02-24 16:14:14 |w 2026-02-24 | ||


